000 00475nam a2200145 i 4500
001 46045
003 ES-MaACL
007 t|
008 030327s1879 fr ||||1| fre d
100 1 _aCompayré, Gabriel.
_940046
245 1 0 _aHistoire critique des doctrines de l'education en France depuis de seiziéme siècle /
_cpar Gabriel Compayré.
260 _aParís :
_b[s.n.,
_c1879] (
_eTolouse :
_fPaul Privat)
300 _a2 v. ;
_c23 cm.
852 _aES-MaACL
_jG-10869-10870
999 _c46045
_d46045